000 00379nam a2200145Ia 4500
008 230917s9999||||xx |||||||||||||| ||und||
040 _e72720
_aMAIN
041 _aEnglish
082 _a332.6 A11I
100 _aAvadhani, V A
245 0 _aInvestment analysis and port folio management
260 _aMumbai
_bHimalaya Publishing House
_c1997
300 _a279 p.
942 _cBK
999 _c102270
_d102270